| 000 | 00421 a2200145 4500 | ||
|---|---|---|---|
| 005 | 20251224115908.0 | ||
| 008 | 251223b |||||||| |||| 00| 0 eng d | ||
| 020 | _a9788129139641 | ||
| 082 | _a711.5/RUP | ||
| 100 |
_aRupa Publication _9215930 |
||
| 245 | _aMaking Of Vibrant Cities: A Collection Of Essays Complied By Mumbai First | ||
| 260 |
_bRupa publications _c2016 _aNew Delhi |
||
| 300 |
_a315p _bHB |
||
| 942 | _cBK | ||
| 999 |
_c369464 _d369464 |
||